| 000 | 01758nam a2200289Ia 4500 | ||
|---|---|---|---|
| 001 | H5552 | ||
| 003 | IT-RoPAU | ||
| 008 | 130308s9999 xx 000 0 und d | ||
| 040 | _aIT-RoPAU | ||
| 040 | _cIT-RoPAU | ||
| 041 | _aITALIANO | ||
| 100 | _aCastoldi Alberto | ||
| 100 | _gCodice Aut. SPICS: 52233 | ||
| 245 | _aBibliofollia | ||
| 245 | _bBibliofollia | ||
| 250 | _a1a ed. | ||
| 260 | _aMILANO | ||
| 260 | _bMondadori Bruno | ||
| 260 | _c2004 [1° Ed.:2004 - Ed.Ling.Originale:2004] | ||
| 300 | _a"90 p. (prefazione: no ; testo: 90 [pagine: 0-0])" | ||
| 500 | _aLutto della Scrittura. Lo Scrittore Assassino. I libri mai Nati. La Biblioteca Come Rifugio. Le Biblioteche Distrutte. Il culto dei Libri. Bibliofilia/Bibliomania. Bibliofagi. Libricite'. I Falsari. Il Libro che Uccide. strategie di Lettura.Folli di libri fino a Uccidere. Sono tante e Perverse e Imprevedibili le conseguenze di una passione Divorante, Bulimica, Dalle conseguenze Morbose,Sobbillata da visioni totalizzanti e Incalzata da Presagi Solipsistici. Come Devastanti e Assoluti possono Rivelarsi gli Effetti della Scrittura: finalmente una Realtà Dove Il Delirio Esiste. Arroccata in Un'Impotenza Smaniosa di Storie, la Figura del Bibliomane è Il Frutto Degenerato di una Cultura Risucchiata nel buco Nero dell'Entropia e insieme Il prodotto dell'editoria di Massa contro la Quale L'Intellettuale Reagisce in un Isolamento Sempre Piu' Esoterico. I Racconti di Flaubert, Nodier e Louys Innescano un Altro Racconto, Piu' Oscuro, Dai Risvolti Capziosi a Corteggiare le visioni dell'Ignoto, Dove Aligna l'anima Inquieta della Bibliofollia. | ||
| 650 | _aSAGGI SULL'EDITORIA | ||
| 650 | _eCodice materia Spics: 6611 | ||
| 942 | _cBK | ||
| 957 | _71 | ||
| 999 |
_c92251 _d92251 |
||
| 999 | _g1 | ||